| 000 | 00654nam a2200193Ia 4500 | ||
|---|---|---|---|
| 999 |
_c16611 _d16611 |
||
| 082 | _aTS.0929 | ||
| 100 | _aSrivastava, Abhilasha | ||
| 245 | 0 | _aLow income women workers: coping with socio-economic stressors and quality of family life | |
| 260 |
_c2002 _bUniversity of Allahabad |
||
| 300 | _a140 | ||
| 504 | _aincludes appendices and bibliography | ||
| 650 |
_aPoverty _vAllahabad City (Uttar Pradesh) |
||
| 650 |
_aSlums _vAllahabad City (Uttar Pradesh) |
||
| 650 |
_aLabor _vAllahabad City (Uttar Pradesh) |
||
| 650 |
_aWomen employees _vAllahabad City (Uttar Pradesh) |
||
| 650 | _aWomen workers | ||
| 710 | _aPandey, Janak | ||
| 942 |
_cTH _2ddc |
||